| 000 | 01040nam a2200253 a 4500 | ||
|---|---|---|---|
| 008 | 120416s1983 ||||||||||||||||| || u | ||
| 020 | _a0521253772 | ||
| 020 | _a0521273846 | ||
| 020 | _a0521253780 | ||
| 050 | _aPE 1011 Bro | ||
| 100 | _aBrown, Gillian | ||
| 245 | 1 | 0 | _aTeaching the spoken language: an approach based on the analysis of conversational English |
| 260 |
_aCambridge: _bCambridge University Press _c1983 |
||
| 300 | _axi, 162 p.: ill. | ||
| 350 | _a0.00 | ||
| 490 | _aCambridge language teaching library | ||
| 500 | _aIncludes index. -Bibliography: p. 160-161. | ||
| 650 | _aENGLISH LANGUAGE--STUDY AND TEACHING--FOREIGN SPEAKERS | ||
| 650 | _aENGLISH LANGUAGE--SPOKEN ENGLISH | ||
| 700 | _aYule, George, 1947- | ||
| 856 | _uhttp://www.loc.gov/catdir/description/cam022/83015349.html | ||
| 856 | _uhttp://www.loc.gov/catdir/toc/cam029/83015349.html | ||
| 995 |
_D0.00 _FCBU-MAIN LIBRARY (Kitwe) _H1 _I7.95 _M1 _UAVAILABLE _ZAnnex Low-Usage Collection |
||
| 999 |
_c59500 _d59500 |
||